000 00569nam a2200181Ia 4500
008 151018s9999 xx 000 0 und d
082 _bRBASDV17617
_a891.463
100 _aनयना आचार्य
245 _aअस्मानझेप
250 _b1
260 _bराजेंद्र प्रकाशन ठाणे
_c1980
300 _a251
600 _aनयना आचार्य
630 _aअस्मानझेप
700 _aनयना आचार्य
730 _aअस्मानझेप
942 _cBOOK
999 _c1018295
_d1018292